[Event "DEM U12 2021"]
[Site "Willingen GER"]
[Date "2021.08.28"]
[Round "8"]
[White "Birkenheier, Nicolas"]
[Black "Xue, Luka"]
[Result "1/2-1/2"]
[Termination "normal"]
[Board "19"]
[WhiteElo "1293"]
[BlackElo "1496"]
[WhiteClock "00:40:09"]
[BlackClock "00:11:32"]
[PlyCount "130"]
[WhiteFideId "16287100"]
[BlackFideId "16277252"]
[EventCountry "GER"]
[EventRounds "9"]
[EventType "swiss"]
[EventDate "2021.08.22"]

1. e4 {[%clk 01:30:55]} {[%emt 00:00:05]} e5 {[%clk 01:30:35]} {[%emt
00:00:25]} 2. Nf3 {[%clk 01:31:08]} {[%emt 00:00:17]} Nc6 {[%clk 01:30:54]}
{[%emt 00:00:11]} 3. Bc4 {[%clk 01:31:17]} {[%emt 00:00:21]} Bc5 {[%clk
01:31:09]} {[%emt 00:00:15]} 4. d3 {[%clk 01:31:21]} {[%emt 00:00:26]} Nf6
{[%clk 01:30:24]} {[%emt 00:01:14]} 5. c3 {[%clk 01:30:32]} {[%emt 00:01:20]}
O-O {[%clk 01:30:27]} {[%emt 00:00:27]} 6. O-O {[%clk 01:30:12]} {[%emt
00:00:51]} d5 {[%clk 01:29:47]} {[%emt 00:01:10]} 7. exd5 {[%clk 01:28:04]}
{[%emt 00:02:37]} Nxd5 {[%clk 01:30:04]} {[%emt 00:00:14]} 8. Nbd2 {[%clk
01:25:42]} {[%emt 00:02:52]} Nb6 {[%clk 01:28:58]} {[%emt 00:01:36]} 9. Bb5
{[%clk 01:24:44]} {[%emt 00:01:28]} f6 {[%clk 01:26:23]} {[%emt 00:03:04]} 10.
Ne4 {[%clk 01:23:36]} {[%emt 00:01:38]} Bd6 {[%clk 01:25:00]} {[%emt 00:01:53]}
11. a4 {[%clk 01:18:49]} {[%emt 00:05:17]} a6 {[%emt 00:03:21]} 12. Bxc6 {[%clk
01:16:35]} {[%emt 00:02:43]} bxc6 {[%clk 01:22:11]} {[%emt 00:00:29]} 13. Qb3+
{[%clk 01:15:42]} {[%emt 00:01:23]} Kh8 {[%clk 01:21:32]} {[%emt 00:01:10]} 14.
Be3 {[%clk 01:14:15]} {[%emt 00:01:57]} Nd5 {[%clk 01:18:29]} {[%emt 00:03:32]}
15. Qc4 {[%clk 01:10:06]} {[%emt 00:04:40]} Be6 {[%clk 01:12:42]} {[%emt
00:06:17]} 16. Nxd6 {[%clk 01:04:27]} {[%emt 00:06:08]} cxd6 {[%clk 01:06:01]}
{[%emt 00:07:11]} 17. Qxc6 {[%clk 01:01:55]} {[%emt 00:03:02]} Qe7 {[%clk
01:01:10]} {[%emt 00:05:21]} 18. a5 {[%clk 00:59:33]} {[%emt 00:02:52]} Rfc8
{[%clk 00:58:14]} {[%emt 00:03:26]} 19. Qa4 {[%clk 00:59:30]} {[%emt 00:00:34]}
Rab8 {[%clk 00:57:25]} {[%emt 00:01:19]} 20. Qc2 {[%clk 00:58:08]} {[%emt
00:01:51]} Bf5 {[%clk 00:43:24]} {[%emt 00:14:31]} 21. Qd2 {[%clk 00:55:27]}
{[%emt 00:03:09]} Nxe3 {[%clk 00:39:59]} {[%emt 00:03:56]} 22. fxe3 {[%clk
00:55:37]} {[%emt 00:00:21]} Qb7 {[%clk 00:38:04]} {[%emt 00:02:25]} 23. b4
{[%clk 00:50:35]} {[%emt 00:05:33]} Bxd3 {[%clk 00:36:47]} {[%emt 00:01:46]}
24. Qxd3 {[%clk 00:49:11]} {[%emt 00:01:54]} e4 {[%clk 00:36:09]} {[%emt
00:01:08]} 25. Qd4 {[%clk 00:48:07]} {[%emt 00:01:34]} exf3 {[%clk 00:36:06]}
{[%emt 00:00:33]} 26. Rxf3 {[%clk 00:48:14]} {[%emt 00:00:23]} Qc6 {[%clk
00:35:25]} {[%emt 00:01:11]} 27. Rc1 {[%clk 00:47:01]} {[%emt 00:01:42]} Re8
{[%clk 00:34:10]} {[%emt 00:01:45]} 28. Rh3 {[%clk 00:41:24]} {[%emt 00:06:06]}
Re4 {[%clk 00:32:34]} {[%emt 00:02:08]} 29. Qd1 {[%clk 00:39:14]} {[%emt
00:02:32]} g6 {[%clk 00:30:24]} {[%emt 00:02:47]} 30. Qf3 {[%clk 00:36:36]}
{[%emt 00:03:08]} f5 {[%clk 00:27:35]} {[%emt 00:03:19]} 31. Qg3 {[%clk
00:31:46]} {[%emt 00:05:19]} Rg4 {[%clk 00:25:57]} {[%emt 00:02:09]} 32. Qf3
{[%clk 00:31:28]} {[%emt 00:00:48]} Qc4 {[%clk 00:19:22]} {[%emt 00:07:06]} 33.
Qd1 {[%clk 00:28:57]} {[%emt 00:02:59]} Qc6 {[%clk 00:17:35]} {[%emt 00:02:18]}
34. Rf3 {[%clk 00:27:27]} {[%emt 00:01:59]} Rc8 {[%clk 00:16:21]} {[%emt
00:01:45]} 35. Rf2 {[%clk 00:25:07]} {[%emt 00:02:50]} Rxb4 {[%clk 00:12:53]}
{[%emt 00:03:58]} 36. cxb4 {[%clk 00:24:49]} {[%emt 00:00:48]} Qxc1 {[%clk
00:13:14]} {[%emt 00:00:09]} 37. Qxc1 {[%clk 00:24:47]} {[%emt 00:00:32]} Rxc1+
{[%clk 00:13:40]} {[%emt 00:00:04]} 38. Rf1 {[%clk 00:25:10]} {[%emt 00:00:07]}
Rc3 {[%clk 00:12:44]} {[%emt 00:01:26]} 39. Kf2 {[%clk 00:25:16]} {[%emt
00:00:23]} Kg7 {[%clk 00:09:49]} {[%emt 00:03:25]} 40. Rd1 {[%clk 00:25:35]}
{[%emt 00:00:12]} Rc6 {[%clk 00:10:00]} {[%emt 00:00:19]} 41. Kf3 {[%clk
00:25:41]} {[%emt 00:00:24]} Kf6 {[%clk 00:08:55]} {[%emt 00:01:35]} 42. Rd4
{[%clk 00:22:35]} {[%emt 00:03:36]} Ke5 {[%clk 00:08:09]} {[%emt 00:01:14]} 43.
Rd3 {[%clk 00:21:28]} {[%emt 00:01:39]} Rc4 {[%clk 00:07:04]} {[%emt 00:01:35]}
44. Rb3 {[%clk 00:21:42]} {[%emt 00:00:16]} Kd5 {[%clk 00:05:22]} {[%emt
00:02:13]} 45. b5 {[%clk 00:20:46]} {[%emt 00:01:26]} axb5 {[%clk 00:05:21]}
{[%emt 00:00:31]} 46. Rxb5+ {[%clk 00:20:59]} {[%emt 00:00:17]} Kc6 {[%clk
00:03:15]} {[%emt 00:02:36]} 47. Rb6+ {[%clk 00:21:11]} {[%emt 00:00:17]} Kc7
{[%clk 00:02:40]} {[%emt 00:01:05]} 48. Rb5 {[%clk 00:21:02]} {[%emt 00:00:39]}
Ra4 {[%clk 00:19:12]} {[%emt 00:13:57]} 49. h3 {[%clk 00:50:02]} {[%emt
00:01:31]} Kc6 {[%clk 00:17:26]} {[%emt 00:02:16]} 50. Rb6+ {[%clk 00:50:24]}
{[%emt 00:00:08]} Kc7 {[%clk 00:16:57]} {[%emt 00:00:59]} 51. Rb5 {[%clk
00:50:42]} {[%emt 00:00:12]} Ra3 {[%clk 00:16:33]} {[%emt 00:00:54]} 52. Kf4
{[%clk 00:50:13]} {[%emt 00:01:00]} h6 {[%clk 00:15:35]} {[%emt 00:01:28]} 53.
Kf3 {[%clk 00:47:28]} {[%emt 00:03:14]} Ra4 {[%clk 00:13:31]} {[%emt 00:02:33]}
54. Kf2 {[%clk 00:46:26]} {[%emt 00:01:32]} Kc8 {[%clk 00:12:21]} {[%emt
00:01:42]} 55. Rb6 {[%clk 00:45:56]} {[%emt 00:01:00]} Kd7 {[%clk 00:11:38]}
{[%emt 00:01:08]} 56. Rb5 {[%clk 00:46:14]} {[%emt 00:00:16]} Ke6 {[%clk
00:11:42]} {[%emt 00:00:26]} 57. Kf3 {[%clk 00:46:22]} {[%emt 00:00:23]} Kf6
{[%clk 00:11:34]} {[%emt 00:00:37]} 58. Rd5 {[%clk 00:45:50]} {[%emt 00:01:02]}
Ke6 {[%clk 00:11:31]} {[%emt 00:00:33]} 59. Rb5 {[%clk 00:46:11]} {[%emt
00:00:09]} Kf6 {[%clk 00:11:49]} {[%emt 00:00:12]} 60. Rd5 {[%clk 00:46:32]}
{[%emt 00:00:09]} Kg5 {[%clk 00:11:56]} {[%emt 00:00:23]} 61. Kf2 {[%clk
00:44:09]} {[%emt 00:02:52]} Ra2+ {[%clk 00:11:25]} {[%emt 00:01:02]} 62. Kf3
{[%clk 00:44:29]} {[%emt 00:00:10]} h5 {[%clk 00:11:17]} {[%emt 00:00:38]} 63.
g3 {[%clk 00:44:22]} {[%emt 00:00:37]} Kh6 {[%clk 00:11:16]} {[%emt 00:00:31]}
64. h4 {[%clk 00:43:30]} {[%emt 00:01:21]} Kg7 {[%clk 00:11:23]} {[%emt
00:00:23]} 65. Rxd6 {[%clk 00:40:09]} {[%emt 00:03:52]} Rxa5 {[%clk 00:11:32]}
{[%emt 00:00:21]} 1/2-1/2

[Event "DEM U12 2021"]
[Site "Willingen GER"]
[Date "2021.08.28"]
[Round "8"]
[White "Bangert, Jonas"]
[Black "Theviot, Luca"]
[Result "1-0"]
[Termination "normal"]
[Board "20"]
[WhiteElo "1541"]
[BlackElo "1417"]
[WhiteClock "00:07:30"]
[BlackClock "00:14:03"]
[PlyCount "49"]
[WhiteFideId "16289650"]
[BlackFideId "16277449"]
[EventCountry "GER"]
[EventRounds "9"]
[EventType "swiss"]
[EventDate "2021.08.22"]

1. d4 {[%clk 01:30:58]} {[%emt 00:00:03]} d5 {[%clk 01:30:54]} {[%emt
00:00:06]} 2. Nf3 {[%clk 01:31:20]} {[%emt 00:00:07]} Nf6 {[%clk 01:30:59]}
{[%emt 00:00:26]} 3. Bf4 {[%clk 01:31:24]} {[%emt 00:00:26]} e6 {[%clk
01:30:55]} {[%emt 00:00:34]} 4. h3 {[%clk 01:31:33]} {[%emt 00:00:21]} Nbd7
{[%clk 01:30:34]} {[%emt 00:00:51]} 5. e3 {[%clk 01:31:32]} {[%emt 00:00:31]}
c5 {[%clk 01:30:30]} {[%emt 00:00:33]} 6. c3 {[%clk 01:31:33]} {[%emt
00:00:30]} Be7 {[%clk 01:30:03]} {[%emt 00:00:56]} 7. Bd3 {[%clk 01:31:30]}
{[%emt 00:00:34]} O-O {[%clk 01:29:11]} {[%emt 00:01:21]} 8. O-O {[%clk
01:30:29]} {[%emt 00:01:32]} a6 {[%clk 01:26:57]} {[%emt 00:02:44]} 9. Nbd2
{[%clk 01:23:43]} {[%emt 00:07:16]} b5 {[%clk 01:25:00]} {[%emt 00:02:27]} 10.
e4 {[%clk 01:18:55]} {[%emt 00:05:17]} Bb7 {[%clk 01:20:20]} {[%emt 00:05:10]}
11. e5 {[%clk 01:12:39]} {[%emt 00:06:47]} Ne8 {[%clk 01:13:37]} {[%emt
00:07:13]} 12. g4 {[%clk 01:00:02]} {[%emt 00:13:07]} Nc7 {[%clk 01:08:21]}
{[%emt 00:05:45]} 13. g5 {[%clk 00:48:15]} {[%emt 00:12:18]} Re8 {[%clk
00:59:13]} {[%emt 00:09:37]} 14. Qb1 {[%clk 00:35:15]} {[%emt 00:13:31]} Nf8
{[%clk 00:58:51]} {[%emt 00:00:51]} 15. Kh1 {[%clk 00:30:25]} {[%emt 00:05:21]}
a5 {[%clk 00:52:25]} {[%emt 00:06:56]} 16. Rg1 {[%clk 00:28:29]} {[%emt
00:02:26]} b4 {[%clk 00:46:19]} {[%emt 00:06:36]} 17. Nh2 {[%clk 00:24:19]}
{[%emt 00:04:40]} Ng6 {[%clk 00:34:45]} {[%emt 00:12:03]} 18. Rg4 {[%clk
00:20:31]} {[%emt 00:04:18]} Nxf4 {[%clk 00:33:36]} {[%emt 00:01:39]} 19. Bxh7+
{[%clk 00:17:09]} {[%emt 00:03:52]} Kh8 {[%clk 00:25:30]} {[%emt 00:08:35]} 20.
Rxf4 {[%clk 00:12:15]} {[%emt 00:05:25]} Bxg5 {[%clk 00:24:37]} {[%emt
00:01:22]} 21. Rxf7 {[%clk 00:10:45]} {[%emt 00:02:02]} Bxd2 {[%clk 00:23:48]}
{[%emt 00:01:18]} 22. Qg6 {[%clk 00:09:17]} {[%emt 00:01:58]} Bh6 {[%clk
00:14:49]} {[%emt 00:09:30]} 23. Ng4 {[%clk 00:08:11]} {[%emt 00:01:35]} Re7
{[%clk 00:13:55]} {[%emt 00:01:25]} 24. Nxh6 {[%clk 00:07:51]} {[%emt
00:00:49]} Ne8 {[%clk 00:14:03]} {[%emt 00:00:22]} 25. Rf8# {[%clk 00:07:30]}
{[%emt 00:00:51]} 1-0

[Event "DEM U12 2021"]
[Site "Willingen GER"]
[Date "2021.08.28"]
[Round "8"]
[White "Kullmann, Theo"]
[Black "Middendorf, Sven-Jonas"]
[Result "1-0"]
[Termination "normal"]
[Board "21"]
[WhiteElo "1590"]
[BlackElo "1407"]
[WhiteClock "00:17:22"]
[BlackClock "00:12:04"]
[PlyCount "53"]
[WhiteFideId "16218582"]
[BlackFideId "16287207"]
[EventCountry "GER"]
[EventRounds "9"]
[EventType "swiss"]
[EventDate "2021.08.22"]

1. e4 {[%clk 01:30:50]} {[%emt 00:00:09]} e5 {[%clk 01:30:53]} {[%emt
00:00:09]} 2. Nf3 {[%clk 01:31:14]} {[%emt 00:00:04]} Nc6 {[%clk 01:31:20]}
{[%emt 00:00:04]} 3. d4 {[%clk 01:31:22]} {[%emt 00:00:23]} exd4 {[%clk
01:31:45]} {[%emt 00:00:05]} 4. Nxd4 {[%clk 01:31:47]} {[%emt 00:00:04]} Nf6
{[%clk 01:31:56]} {[%emt 00:00:18]} 5. Nxc6 {[%clk 01:32:09]} {[%emt 00:00:09]}
bxc6 {[%clk 01:32:16]} {[%emt 00:00:11]} 6. e5 {[%clk 01:32:32]} {[%emt
00:00:06]} Qe7 {[%clk 01:32:39]} {[%emt 00:00:06]} 7. Qe2 {[%clk 01:32:59]}
{[%emt 00:00:04]} Nd5 {[%clk 01:33:00]} {[%emt 00:00:09]} 8. c4 {[%clk
01:33:24]} {[%emt 00:00:05]} Ba6 {[%clk 01:33:25]} {[%emt 00:00:06]} 9. b3
{[%clk 01:33:31]} {[%emt 00:00:22]} g6 {[%clk 01:33:43]} {[%emt 00:00:12]} 10.
f4 {[%clk 01:33:46]} {[%emt 00:00:15]} Bg7 {[%clk 01:33:18]} {[%emt 00:00:55]}
11. Qf2 {[%clk 01:34:00]} {[%emt 00:00:15]} Nf6 {[%clk 01:26:07]} {[%emt
00:07:42]} 12. Ba3 {[%clk 01:25:43]} {[%emt 00:08:48]} Qe6 {[%clk 01:22:05]}
{[%emt 00:04:31]} 13. Be2 {[%clk 01:16:22]} {[%emt 00:09:50]} Ne4 {[%clk
01:11:04]} {[%emt 00:11:32]} 14. Qe3 {[%clk 01:02:40]} {[%emt 00:14:11]} f5
{[%clk 01:09:22]} {[%emt 00:02:12]} 15. Nd2 {[%clk 00:51:24]} {[%emt 00:11:47]}
Nxd2 {[%clk 01:04:57]} {[%emt 00:04:54]} 16. Qxd2 {[%clk 00:51:35]} {[%emt
00:00:19]} d6 {[%clk 00:51:48]} {[%emt 00:13:39]} 17. Qa5 {[%clk 00:49:57]}
{[%emt 00:02:08]} Qc8 {[%clk 00:42:39]} {[%emt 00:09:39]} 18. Bf3 {[%clk
00:46:54]} {[%emt 00:03:33]} Bb7 {[%clk 00:34:45]} {[%emt 00:08:25]} 19. Qa4
{[%clk 00:46:53]} {[%emt 00:00:31]} dxe5 {[%clk 00:28:13]} {[%emt 00:07:02]}
20. Bxc6+ {[%clk 00:45:13]} {[%emt 00:02:10]} Bxc6 {[%clk 00:26:39]} {[%emt
00:02:05]} 21. Qxc6+ {[%clk 00:45:32]} {[%emt 00:00:10]} Kf7 {[%clk 00:26:50]}
{[%emt 00:00:19]} 22. O-O-O {[%clk 00:39:43]} {[%emt 00:06:19]} Rd8 {[%clk
00:21:41]} {[%emt 00:05:39]} 23. Rxd8 {[%clk 00:38:59]} {[%emt 00:01:14]} Qxd8
{[%clk 00:21:59]} {[%emt 00:00:12]} 24. Rd1 {[%clk 00:38:39]} {[%emt 00:00:49]}
Qe8 {[%clk 00:20:46]} {[%emt 00:01:44]} 25. Qd5+ {[%clk 00:22:57]} {[%emt
00:16:12]} Kf6 {[%clk 00:18:32]} {[%emt 00:02:44]} 26. fxe5+ {[%clk 00:18:24]}
{[%emt 00:05:02]} Qxe5 {[%clk 00:12:04]} {[%emt 00:06:59]} 27. Bb2 {[%clk
00:17:22]} {[%emt 00:01:32]} 1-0

[Event "DEM U12 2021"]
[Site "Willingen GER"]
[Date "2021.08.28"]
[Round "8"]
[White "Wolff, Calvin"]
[Black "Weber, Nikita"]
[Result "1-0"]
[Termination "normal"]
[Board "22"]
[WhiteElo "1368"]
[BlackElo "1352"]
[WhiteClock "00:46:59"]
[BlackClock "00:55:41"]
[PlyCount "49"]
[WhiteFideId "16269969"]
[BlackFideId "34608770"]
[EventCountry "GER"]
[EventRounds "9"]
[EventType "swiss"]
[EventDate "2021.08.22"]

1. e4 {[%clk 01:30:07]} {[%emt 00:00:53]} d5 {[%clk 01:30:54]} {[%emt
00:00:06]} 2. exd5 {[%clk 01:29:56]} {[%emt 00:00:41]} Qxd5 {[%clk 01:31:17]}
{[%emt 00:00:06]} 3. Nc3 {[%clk 01:30:06]} {[%emt 00:00:21]} Qa5 {[%clk
01:31:40]} {[%emt 00:00:08]} 4. d4 {[%clk 01:29:41]} {[%emt 00:00:54]} Nf6
{[%emt 00:00:08]} 5. Bd2 {[%clk 01:29:07]} {[%emt 00:01:02]} Qb6 {[%clk
01:31:28]} {[%emt 00:01:06]} 6. Nf3 {[%clk 01:27:49]} {[%emt 00:01:48]} Bg4
{[%clk 01:30:56]} {[%emt 00:01:01]} 7. h3 {[%clk 01:22:31]} {[%emt 00:05:48]}
Bxf3 {[%clk 01:29:58]} {[%emt 00:01:29]} 8. Qxf3 {[%clk 01:22:45]} {[%emt
00:00:15]} Nc6 {[%clk 01:29:43]} {[%emt 00:00:45]} 9. Bb5 {[%clk 01:16:41]}
{[%emt 00:06:35]} e6 {[%clk 01:22:19]} {[%emt 00:07:54]} 10. a4 {[%clk
01:15:38]} {[%emt 00:01:33]} Bd6 {[%clk 00:56:00]} {[%emt 00:26:50]} 11. a5
{[%clk 01:05:36]} {[%emt 00:10:32]} Qxd4 {[%clk 00:56:14]} {[%emt 00:00:17]}
12. a6 {[%clk 01:05:41]} {[%emt 00:00:23]} Qe5+ {[%clk 00:56:06]} {[%emt
00:00:38]} 13. Kf1 {[%clk 01:00:25]} {[%emt 00:05:47]} O-O {[%clk 00:55:44]}
{[%emt 00:00:50]} 14. axb7 {[%clk 00:59:55]} {[%emt 00:01:01]} Nd4 {[%clk
00:55:28]} {[%emt 00:00:47]} 15. bxa8=Q {[%clk 00:59:23]} {[%emt 00:01:01]} c6
{[%clk 00:55:03]} {[%emt 00:00:55]} 16. Qxf8+ {[%clk 00:54:58]} {[%emt
00:04:55]} Kxf8 {[%clk 00:55:27]} {[%emt 00:00:06]} 17. Qe3 {[%clk 00:54:01]}
{[%emt 00:01:27]} Qc5 {[%clk 00:54:34]} {[%emt 00:01:24]} 18. Bd3 {[%clk
00:50:58]} {[%emt 00:03:32]} h6 {[%clk 00:54:23]} {[%emt 00:00:41]} 19. Na4
{[%clk 00:49:44]} {[%emt 00:01:44]} Qd5 {[%clk 00:54:34]} {[%emt 00:00:19]} 20.
c4 {[%clk 00:49:40]} {[%emt 00:00:34]} Qh5 {[%emt 00:00:19]} 21. Qxd4 {[%clk
00:49:23]} {[%emt 00:00:45]} Bc7 {[%clk 00:54:56]} {[%emt 00:00:21]} 22. Nc5
{[%clk 00:47:11]} {[%emt 00:02:42]} Bb6 {[%clk 00:55:07]} {[%emt 00:00:19]} 23.
Nd7+ {[%clk 00:46:45]} {[%emt 00:00:56]} Nxd7 {[%clk 00:55:30]} {[%emt
00:00:07]} 24. Qxd7 {[%clk 00:46:53]} {[%emt 00:00:22]} Qc5 {[%clk 00:55:41]}
{[%emt 00:00:19]} 25. Be3 {[%clk 00:46:59]} {[%emt 00:00:24]} 1-0

[Event "DEM U12 2021"]
[Site "Willingen GER"]
[Date "2021.08.28"]
[Round "8"]
[White "Lumma, Justus"]
[Black "Lehmann, Simon"]
[Result "0-1"]
[Termination "normal"]
[Board "23"]
[WhiteElo "1081"]
[BlackElo "1484"]
[WhiteClock "01:14:31"]
[BlackClock "01:24:52"]
[PlyCount "72"]
[WhiteFideId "16287193"]
[BlackFideId "16292537"]
[EventCountry "GER"]
[EventRounds "9"]
[EventType "swiss"]
[EventDate "2021.08.22"]

1. e4 {[%clk 01:30:44]} {[%emt 00:00:15]} d6 {[%clk 01:30:53]} {[%emt
00:00:09]} 2. d4 {[%clk 01:30:50]} {[%emt 00:00:23]} Nf6 {[%clk 01:31:19]}
{[%emt 00:00:04]} 3. Nc3 {[%clk 01:30:04]} {[%emt 00:01:16]} g6 {[%clk
01:31:45]} {[%emt 00:00:04]} 4. Nf3 {[%clk 01:30:02]} {[%emt 00:00:31]} Bg7
{[%clk 01:32:12]} {[%emt 00:00:04]} 5. Bc4 {[%clk 01:30:07]} {[%emt 00:00:25]}
O-O {[%clk 01:32:29]} {[%emt 00:00:13]} 6. Bb3 {[%clk 01:29:40]} {[%emt
00:00:05]} c6 {[%clk 01:32:12]} {[%emt 00:01:39]} 7. Be3 {[%clk 01:29:50]}
{[%emt 00:00:20]} b5 {[%clk 01:32:03]} {[%emt 00:00:40]} 8. Qd3 {[%clk
01:29:27]} {[%emt 00:00:51]} a5 {[%clk 01:31:32]} {[%emt 00:01:02]} 9. a3
{[%clk 01:29:37]} {[%emt 00:00:21]} Ba6 {[%clk 01:31:36]} {[%emt 00:00:25]} 10.
Qd1 {[%clk 01:27:20]} {[%emt 00:02:45]} Nbd7 {[%clk 01:31:20]} {[%emt
00:00:47]} 11. e5 {[%clk 01:24:59]} {[%emt 00:02:52]} dxe5 {[%clk 01:31:11]}
{[%emt 00:00:40]} 12. dxe5 {[%clk 01:23:33]} {[%emt 00:01:55]} Ng4 {[%clk
01:31:27]} {[%emt 00:00:13]} 13. e6 {[%clk 01:23:31]} {[%emt 00:00:33]} Nde5
{[%clk 01:30:17]} {[%emt 00:01:40]} 14. exf7+ {[%clk 01:23:02]} {[%emt
00:00:59]} Nxf7 {[%clk 01:29:36]} {[%emt 00:01:09]} 15. Ng5 {[%clk 01:23:05]}
{[%emt 00:00:29]} Nge5 {[%clk 01:28:46]} {[%emt 00:01:20]} 16. Qxd8 {[%clk
01:21:37]} {[%emt 00:01:09]} Rfxd8 {[%clk 01:29:15]} 17. f4 {[%clk 01:21:47]}
{[%emt 00:01:10]} Nc4 {[%clk 01:29:34]} {[%emt 00:00:11]} 18. Bxc4 {[%clk
01:21:03]} {[%emt 00:01:14]} bxc4 {[%clk 01:29:54]} {[%emt 00:00:10]} 19. Bb6
{[%clk 01:20:37]} {[%emt 00:00:56]} Rdb8 {[%clk 01:29:41]} {[%emt 00:00:42]}
20. Na4 {[%clk 01:18:42]} {[%emt 00:02:25]} Bxb2 {[%clk 01:29:36]} {[%emt
00:00:35]} 21. Ra2 {[%clk 01:18:57]} {[%emt 00:00:16]} c3 {[%clk 01:29:10]}
{[%emt 00:00:57]} 22. Ne6 {[%clk 01:19:07]} {[%emt 00:00:19]} Bc4 {[%clk
01:29:09]} {[%emt 00:00:31]} 23. Nc7 {[%clk 01:17:51]} {[%emt 00:01:47]} Bxa2
{[%clk 01:29:13]} {[%emt 00:00:25]} 24. Nxa8 {[%clk 01:17:57]} {[%emt
00:00:24]} Rxa8 {[%clk 01:28:58]} {[%emt 00:00:45]} 25. O-O {[%clk 01:18:09]}
{[%emt 00:00:18]} Nd6 {[%clk 01:27:19]} {[%emt 00:02:06]} 26. Bd4 {[%clk
01:16:40]} {[%emt 00:02:00]} Nb5 {[%clk 01:26:39]} {[%emt 00:01:10]} 27. Bc5
{[%clk 01:16:45]} {[%emt 00:00:27]} e6 {[%clk 01:24:11]} {[%emt 00:02:58]} 28.
Rd1 {[%clk 01:16:03]} {[%emt 00:01:12]} Bd5 {[%clk 01:23:21]} {[%emt 00:01:08]}
29. Nb6 {[%clk 01:15:09]} {[%emt 00:01:36]} Rd8 {[%clk 01:23:05]} {[%emt
00:00:46]} 30. Be7 {[%clk 01:14:46]} {[%emt 00:00:53]} Re8 {[%clk 01:23:15]}
{[%emt 00:00:20]} 31. Bc5 {[%clk 01:14:18]} {[%emt 00:00:51]} Bxa3 {[%clk
01:23:32]} {[%emt 00:00:19]} 32. Bxa3 {[%clk 01:14:19]} {[%emt 00:00:30]} Nxa3
{[%clk 01:23:54]} {[%emt 00:00:08]} 33. Ra1 {[%clk 01:14:37]} {[%emt 00:00:12]}
Nxc2 {[%clk 01:24:01]} {[%emt 00:00:22]} 34. Rxa5 {[%clk 01:14:49]} {[%emt
00:00:18]} Nd4 {[%clk 01:24:11]} {[%emt 00:00:21]} 35. Ra1 {[%clk 01:14:52]}
{[%emt 00:00:27]} c2 {[%clk 01:24:35]} {[%emt 00:00:06]} 36. Kf2 {[%clk
01:14:31]} {[%emt 00:00:50]} Nb3 {[%clk 01:24:52]} {[%emt 00:00:13]} 0-1